[Event "Tal Memorial"]
[Site "Moscow RUS"]
[Date "2010.11.10"]
[EventDate "2010.11.05"]
[Round "5"]
[Result "1/2-1/2"]
[White "Vladimir Kramnik"]
[Black "Wang Hao"]
[WhiteElo "2791"]
[BlackElo "2727"]
[PlyCount "68"]

1. d4 Nf6 2. c4 e6 3. Nf3 d5 4. e3 Be7 5. b3 O-O 6. Bb2 Nbd7
7. Nc3 c5 8. cxd5 Nxd5 9. Nxd5 exd5 10. Be2 Qa5+ 11. Qd2 Qxd2+
12. Kxd2 Nf6 13. Bd3 b6 14. Rac1 Be6 15. Ng5 Bd7 16. Rc2 a5
17. dxc5 bxc5 18. Ba3 h6 19. Nf3 Ne4+ 20. Bxe4 dxe4 21. Ne5 a4
22. Bxc5 Bxc5 23. Rxc5 axb3 24. Nxd7 Rfd8 25. Rd5 Rdc8 26. Rb1
Rc2+ 27. Ke1 Raxa2 28. Rxb3 Re2+ 29. Kd1 Rxf2 30. Rb8+ Kh7
31. Nf8+ Kg8 32. Ng6+ Kh7 33. Nf8+ Kg8 34. Ng6+ Kh7 1/2-1/2

[Event "Tal Memorial"]
[Site "Moscow RUS"]
[Date "2010.11.13"]
[EventDate "2010.11.05"]
[Round "8"]
[Result "1-0"]
[White "Shakhriyar Mamedyarov"]
[Black "Wang Hao"]
[WhiteElo "2763"]
[BlackElo "2727"]
[PlyCount "71"]

1.d4 Nf6 2.c4 e6 3.Nf3 d5 4.Nc3 Bb4 5.Bg5 h6 6.Bxf6 Qxf6 7.e3
O-O 8.Rc1 dxc4 9.Bxc4 c5 10.O-O cxd4 11.exd4 Nc6 12.Ne4 Qe7
13.Qe2 Rd8 14.Rfd1 Bd7 15.Bd3 Be8 16.Bb1 Ba5 17.Nc5 Bb6 18.a3
Bxc5 19.Qc2 f5 20.Qxc5 Qxc5 21.Rxc5 Rd6 22.d5 Bh5 23.Rd3 exd5
24.Rcxd5 Rf6 25.b4 Bf7 26.Rd7 Bc4 27.Rd2 Re8 28.h4 b5 29.Rc7
Ne5 30.Nxe5 Rxe5 31.Kh2 a6 32.g4 Be6 33.g5 hxg5 34.hxg5 Rf8
35.Re7 Re1 36.Ba2 1-0

[Event "Tal Memorial"]
[Site "Moscow RUS"]
[Date "2010.11.14"]
[EventDate "2010.11.05"]
[Round "9"]
[Result "1/2-1/2"]
[White "Wang Hao"]
[Black "Sergey Karjakin"]
[WhiteElo "2727"]
[BlackElo "2760"]
[PlyCount "111"]

1. c4 Nf6 2. Nc3 e5 3. Nf3 Nc6 4. g3 d5 5. cxd5 Nxd5 6. Bg2
Nb6 7. O-O Be7 8. d3 O-O 9. a3 Be6 10. b4 a5 11. b5 Nd4
12. Rb1 Nd5 13. Na4 Nxf3+ 14. Bxf3 f5 15. Bb2 Bd6 16. Qb3 Nf4
17. Qc2 Nh3+ 18. Kg2 Ng5 19. Bxb7 Rb8 20. Bc6 f4 21. Nc5 f3+
22. exf3 Bh3+ 23. Kh1 Nxf3 24. Qc4+ Kh8 25. Ne6 Bxe6 26. Qxe6
Nd2 27. Rbd1 Nxf1 28. Rxf1 Rf6 29. Qc4 Qf8 30. f3 Bxa3
31. Bxe5 Rf7 32. Bd5 Rd7 33. Bxc7 Rxc7 34. Qxc7 Rxb5 35. Qd7
Rb8 36. Re1 Bb2 37. Re6 Rd8 38. Qb5 a4 39. Qxa4 Bf6 40. Be4 g6
41. Kg2 Bd4 42. h4 Qc5 43. h5 Qc1 44. hxg6 Qg1+ 45. Kh3 Bf2
46. Re8+ Kg7 47. Re7+ Kf8 48. Rf7+ Kg8 49. gxh7+ Kh8 50. Kg4
Qxg3+ 51. Kf5 Bd4 52. Qc6 Qh3+ 53. Kg6 Qg3+ 54. Kf5 Qh3+
55. Kg6 Qg3+ 56. Kf5 1/2-1/2

[Event "16th Asian Games (Men Teams)"]
[Site "Guangzhou CHN"]
[Date "2010.11.21"]
[EventDate "2010.11.18"]
[Round "4"]
[Result "1/2-1/2"]
[White "Wang Hao"]
[Black "Krishnan Sasikiran"]
[WhiteElo "2727"]
[BlackElo "2688"]
[PlyCount "74"]

1. d4 Nf6 2. c4 e6 3. Nf3 b6 4. g3 Ba6 5. b3 Bb4+ 6. Bd2 Be7
7. Nc3 d5 8. cxd5 exd5 9. Bg2 O-O 10. O-O Bb7 11. Qc2 Re8
12. Ne5 c5 13. dxc5 bxc5 14. Rad1 Qc8 15. Bg5 Na6 16. Na4 h6
17. Bxf6 Bxf6 18. Nd3 c4 19. bxc4 dxc4 20. Bxb7 Qxb7 21. Nf4
Rac8 22. Nd5 Be5 23. e4 Nb4 24. Nxb4 Qxb4 25. f4 Bf6 26. e5
Be7 27. Nc3 Red8 28. Kg2 Qa5 29. Ne4 Rd5 30. Rxd5 Qxd5 31. Rd1
Qb7 32. Kh3 c3 33. Nd6 Qd7+ 34. f5 Bxd6 35. exd6 Rc5 36. Kg2
Rc6 37. Rd5 Rxd6 1/2-1/2

[Event "16th Asian Games (Men Teams)"]
[Site "Guangzhou CHN"]
[Date "2010.11.22"]
[EventDate "2010.11.18"]
[Round "5"]
[Result "1/2-1/2"]
[White "Morteza Mahjoob"]
[Black "Wang Hao"]
[WhiteElo "2514"]
[BlackElo "2727"]
[PlyCount "85"]

1. d4 Nf6 2. c4 e6 3. g3 c5 4. Nf3 cxd4 5. Nxd4 Qc7 6. Nd2 Nc6
7. Nb5 Qb8 8. Bg2 a6 9. Nc3 b5 10. O-O Be7 11. a4 bxc4 12. a5
Ne5 13. Bxa8 Qxa8 14. Qa4 Bb7 15. Nxc4 Nxc4 16. Qxc4 O-O
17. Be3 Rc8 18. Qd4 Rc5 19. Rfc1 Bc6 20. b4 Rh5 21. Rab1 Nd5
22. Nxd5 Rxd5 23. Qa7 Qxa7 24. Bxa7 Rb5 25. Bc5 Kf8 26. f3 f5
27. h4 Ke8 28. Bxe7 Kxe7 29. Rc5 Rb8 30. Kf2 h6 31. Ke3 g5
32. hxg5 hxg5 33. Kd4 Rh8 34. e4 g4 35. fxg4 fxe4 36. Rxc6
dxc6 37. Kc5 Rb8 38. Kxc6 Rb5 39. g5 e3 40. g6 Kf6 41. Re1
Rxb4 42. Rxe3 Rb5 43. g7 1/2-1/2

[Event "16th Asian Games (Men Teams)"]
[Site "Guangzhou CHN"]
[Date "2010.11.23"]
[EventDate "2010.11.18"]
[Round "6"]
[Result "0-1"]
[White "Algis Shukuraliev"]
[Black "Wang Hao"]
[WhiteElo "2376"]
[BlackElo "2727"]
[PlyCount "66"]

1. e4 c5 2. Nf3 d6 3. d4 cxd4 4. Nxd4 Nf6 5. Nc3 a6 6. Be3 e6
7. Be2 Qc7 8. O-O b5 9. a3 Bb7 10. Bd3 Nbd7 11. f4 g6 12. Qf3
Bg7 13. Rae1 e5 14. Nde2 exf4 15. Nxf4 O-O 16. Kh1 Rae8
17. Bd4 Re7 18. Qh3 Rfe8 19. Qh4 h6 20. Nh3 g5 21. Qg3 Nh5
22. Qf3 Bxd4 23. Qxh5 Bg7 24. Rf5 Nf6 25. Qf3 g4 26. Qg3 gxh3
27. Rxf6 d5 28. Rf4 Kh8 29. Qh4 dxe4 30. Nxe4 hxg2+ 31. Kxg2
f5 32. Rxf5 Rxe4 33. Rxe4 Rxe4 0-1

[Event "16th Asian Games (Men Teams)"]
[Site "Guangzhou CHN"]
[Date "2010.11.24"]
[EventDate "2010.11.18"]
[Round "7"]
[Result "1/2-1/2"]
[White "Rinat Jumabayev"]
[Black "Wang Hao"]
[WhiteElo "2571"]
[BlackElo "2727"]
[PlyCount "150"]

1. d4 Nf6 2. c4 e6 3. Nf3 d5 4. g3 Bb4+ 5. Bd2 Be7 6. Bg2 c6
7. O-O O-O 8. Qc2 b6 9. Bf4 Ba6 10. b3 Nbd7 11. Rd1 Rc8
12. Nc3 h6 13. h3 Nh5 14. Bc1 f5 15. e3 Nhf6 16. Ne2 g5 17. a4
Ne4 18. Bb2 Bf6 19. Ne5 Bg7 20. Nd3 Qe7 21. a5 b5 22. Nb4 Nb8
23. Ba3 c5 24. Nxa6 Nxa6 25. cxb5 Nb4 26. Bxb4 cxb4 27. Qd3
Qb7 28. Rdc1 Nd6 29. b6 axb6 30. a6 Qd7 31. Qd2 Rxc1+ 32. Qxc1
Ra8 33. Bf1 Bf8 34. Qe1 Nb5 35. Nc1 Nc3 36. Na2 Qc7 37. Rc1
Rc8 38. Rc2 Kf7 39. Bd3 Kf6 40. Kg2 Bd6 41. Qh1 h5 42. h4 g4
43. Qe1 Kf7 44. Bf1 Qc6 45. Qa1 Qc7 46. Nc1 Kf6 47. Ne2 Kf7
48. Qe1 Qc6 49. Qa1 Qc7 50. Nf4 Bxf4 51. exf4 Ke7 52. Bd3 Qd6
53. Rc1 Ra8 54. Re1 Kf6 55. Qb2 b5 56. Ra1 Rxa6 57. Qc1 Kf7
58. Rxa6 Qxa6 59. Qe1 Qd6 60. Kf1 Ne4 61. Qc1 Ke7 62. Qa1 Qb6
63. Ke2 Nf6 64. Ke3 Nd7 65. Qc1 e5 66. Qa1 e4 67. Be2 Nb8
68. Qa8 Kd6 69. Bf1 Nc6 70. Qf8+ Ke6 71. Qg8+ Kd6 72. Qg6+ Kc7
73. Qf7+ Kd6 74. Qf6+ Kc7 75. Qf7+ Kd6 1/2-1/2

[Event "16th Asian Games Team Final Men"]
[Site "Guangzhou CHN"]
[Date "2010.11.25"]
[EventDate "2010.11.25"]
[Round "1"]
[Result "0-1"]
[White "Morteza Mahjoob"]
[Black "Wang Hao"]
[WhiteElo "2514"]
[BlackElo "2727"]
[PlyCount "109"]

1. d4 Nf6 2. c4 e6 3. g3 d5 4. Nf3 Bb4+ 5. Bd2 Be7 6. Bg2 c6
7. O-O O-O 8. Qc2 b6 9. Rd1 Bb7 10. Bf4 Nbd7 11. Ne5 Nh5
12. Bc1 Nxe5 13. dxe5 f5 14. Nd2 Rc8 15. b3 Qe8 16. Bb2 f4
17. Nf3 fxg3 18. hxg3 c5 19. Ne1 Bg5 20. Rd3 Qf7 21. Rf3 Qe7
22. cxd5 exd5 23. e3 g6 24. Rd1 Rfd8 25. g4 Ng7 26. Rh3 Ne6
27. f4 Bxf4 28. exf4 Nxf4 29. Rh2 Nxg2 30. Nxg2 d4 31. Re1 Qe6
32. Qd2 Qxg4 33. Bc1 Rf8 34. Qg5 Qxg5 35. Bxg5 Rce8 36. Nh4
Bd5 37. Rf2 Rxf2 38. Kxf2 Kf7 39. Nf3 Ke6 40. Bf6 Bxf3
41. Kxf3 Kd5 42. Rh1 h5 43. Rg1 Rg8 44. Re1 Re8 45. Rg1 Rg8
46. a4 a6 47. Kf4 b5 48. axb5 axb5 49. Ra1 d3 50. Ra6 c4
51. Ke3 Rc8 52. Rd6+ Kc5 53. bxc4 bxc4 54. Be7 Re8 55. Bf6 0-1

[Event "Chinese League"]
[Site "Ningbo CHN"]
[Date "2011.04.12"]
[EventDate "2011.04.12"]
[Round "1"]
[Result "1-0"]
[White "Wang Hao"]
[Black "Wei Yi"]
[WhiteElo "2728"]
[BlackElo "2270"]
[PlyCount "47"]

1. d4 Nf6 2. c4 e6 3. Nc3 Bb4 4. e3 O-O 5. Bd3 d5 6. Nf3 c5
7. O-O Nc6 8. a3 Bxc3 9. bxc3 Qc7 10. Bb2 Rd8 11. Qe2 b6
12. cxd5 exd5 13. c4 cxd4 14. cxd5 Nxd5 15. Nxd4 Rd6 16. Rac1
Rh6 17. h3 Nxd4 18. Bxd4 Qd8 19. Be4 Be6 20. Rfd1 Rc8 21. Bb2
Rxc1 22. Bxc1 Qc8 23. Qd3 Rh5 24. Bf3 1-0

[Event "Chinese League"]
[Site "Ningbo CHN"]
[Date "2011.04.13"]
[EventDate "2011.04.12"]
[Round "2"]
[Result "1/2-1/2"]
[White "Zhonghan Ma"]
[Black "Wang Hao"]
[WhiteElo "2262"]
[BlackElo "2728"]
[PlyCount "100"]

1. Nf3 d5 2. d4 Nf6 3. c4 e6 4. Nc3 Bb4 5. e3 O-O 6. Bd3 c5
7. O-O Nc6 8. a3 Bxc3 9. bxc3 Qc7 10. a4 Rd8 11. cxd5 exd5
12. h3 Na5 13. Ba3 c4 14. Bc2 Ne4 15. Bxe4 dxe4 16. Nd2 Bf5
17. Qc2 Qc6 18. f3 Re8 19. Bb4 Nb3 20. Nxb3 cxb3 21. Qxb3 exf3
22. Rxf3 Be6 23. Qb2 Bd5 24. Rg3 Qc7 25. Qf2 a5 26. Bc5 b6
27. c4 Be4 28. Ba3 Qxc4 29. Qf6 Bg6 30. Qxb6 Qc3 31. Qb2 Qc7
32. Qf2 Ra6 33. Rf1 Qc4 34. Bb2 Rb8 35. d5 Qxd5 36. Ba1 Rab6
37. e4 Qxe4 38. Rg4 Qe6 39. Qd4 f6 40. Bc3 Rd6 41. Qc4 Qxc4
42. Rxc4 Rd5 43. Rc7 h5 44. Re1 Rg5 45. Bd2 Re5 46. Rxe5 fxe5
47. Bxa5 Ra8 48. Bc3 Rxa4 49. Bxe5 Bf7 50. Rc8+ Kh7 1/2-1/2

[Event "Chinese League"]
[Site "Ningbo CHN"]
[Date "2011.04.14"]
[EventDate "2011.04.12"]
[Round "3"]
[Result "1-0"]
[White "Wang Hao"]
[Black "Guanchu Liu"]
[WhiteElo "2728"]
[BlackElo "2233"]
[PlyCount "82"]

1. d4 f5 2. g3 Nf6 3. Bg2 g6 4. Nh3 Bg7 5. Nf4 d6 6. d5 c6
7. c4 e5 8. dxe6 Qe7 9. Nc3 Na6 10. O-O Bxe6 11. Nxe6 Qxe6
12. b3 Ne4 13. Nxe4 fxe4 14. Ba3 Bxa1 15. Qxa1 O-O-O 16. Qd4
Rhe8 17. Qxa7 Kc7 18. Qe3 Qe5 19. Bc1 Nc5 20. Rd1 Qa1 21. Qd2
e3 22. fxe3 Qe5 23. Qc2 Rf8 24. b4 Nd7 25. b5 Nc5 26. Qd2 Ra8
27. Bb2 Rxa2 28. b6+ Kb8 29. Bxe5 Rxd2 30. Bxd6+ Rxd6 31. Rxd6
Na4 32. Rd4 Nxb6 33. c5 Nc8 34. Rd7 Rf5 35. Bh3 Rh5 36. Kg2
Rxc5 37. Rd8 b5 38. Rxc8+ Kb7 39. Rh8 b4 40. Rxh7+ Kb8 41. Be6
Re5 1-0

[Event "Russian Team Championship"]
[Site "Olginka RUS"]
[Date "2011.04.20"]
[EventDate "2011.04.12"]
[Round "8"]
[Result "1-0"]
[White "Wang Hao"]
[Black "Vladimir Valerianovich Nevostrujev"]
[WhiteElo "2728"]
[BlackElo "2475"]
[PlyCount "91"]

1. d4 Nf6 2. c4 g6 3. g3 Bg7 4. Bg2 O-O 5. Nc3 d6 6. Nf3 Nbd7
7. O-O e5 8. e4 exd4 9. Nxd4 Re8 10. h3 Nc5 11. Re1 a5
12. Ndb5 Nfd7 13. Be3 Ne5 14. Bf1 Be6 15. b3 a4 16. Rc1 axb3
17. axb3 c6 18. Nd4 Bxh3 19. Bxh3 Ned3 20. Rb1 Nxe1 21. Qxe1
Nxe4 22. Nxe4 Rxe4 23. Qd2 Qf6 24. Rd1 h5 25. Bg2 Re5 26. Nf3
Ree8 27. Kh2 d5 28. cxd5 cxd5 29. Ng5 Rad8 30. Bxd5 Rd7
31. Qc1 h4 32. gxh4 Qe5+ 33. Bf4 Qe2 34. Kg2 Be5 35. Bg3 Bxg3
36. Kxg3 Qe5+ 37. f4 Qe2 38. Nf3 Rde7 39. Bc4 Qe4 40. Qc3 Qc6
41. Ne5 Qf6 42. Qd4 Qh8 43. Qd6 Kg7 44. Bxf7 Rxe5 45. fxe5
Kxf7 46. Qd7+ 1-0

[Event "Russian Team Championship"]
[Site "Olginka RUS"]
[Date "2011.04.23"]
[EventDate "2011.04.12"]
[Round "11"]
[Result "0-1"]
[White "Dmitry Frolyanov"]
[Black "Wang Hao"]
[WhiteElo "2610"]
[BlackElo "2728"]
[PlyCount "80"]

1. d4 Nf6 2. c4 g6 3. Nc3 Bg7 4. e4 O-O 5. Nf3 d6 6. Be2 e5
7. O-O Na6 8. Be3 Ng4 9. Bg5 Qe8 10. c5 exd4 11. Nd5 Be6
12. cxd6 Bxd5 13. exd5 cxd6 14. Re1 Nc5 15. h3 Nf6 16. Bf4 Rd8
17. Nxd4 Qe4 18. Bh2 Nxd5 19. Nb3 Nf4 20. Bf1 Qf5 21. Re3 Nfe6
22. Qe2 b6 23. Rd1 d5 24. Qb5 Qc2 25. Rd2 Qb1 26. Nxc5 bxc5
27. Red3 Bd4 28. Rd1 Qc2 29. R1d2 Qc1 30. Rd1 Qg5 31. b4 Qf5
32. Bg3 Rb8 33. Qd7 Rxb4 34. Rf3 Qg5 35. Qxa7 Qd8 36. a4 Ng5
37. Rfd3 Ne4 38. Rxd4 cxd4 39. Be5 Qa8 40. Qe7 Qxa4 0-1

[Event "Hainan Danzhou GM"]
[Site "Danzhou CHN"]
[Date "2011.05.15"]
[EventDate "2011.05.17"]
[Round "1"]
[Result "1/2-1/2"]
[White "Wang Hao"]
[Black "Yu Yangyi"]
[WhiteElo "2732"]
[BlackElo "2646"]
[PlyCount "48"]

1. d4 Nf6 2. c4 e6 3. Nf3 Bb4+ 4. Nc3 c5 5. g3 Nc6 6. Bg2 Ne4
7. Bd2 Nxd2 8. Qxd2 cxd4 9. Nxd4 Qb6 10. Nc2 Be7 11. O-O O-O
12. Rab1 d6 13. Rfd1 Rd8 14. e3 Bd7 15. b3 Rac8 16. Rbc1 Be8
17. h3 a6 18. Nd4 Bf8 19. Kh2 Qa5 20. Nce2 Qa3 21. Nc2 Qa5
22. Ncd4 Qa3 23. Nc2 Qa5 24. Ncd4 Qa3 1/2-1/2

[Event "Hainan Danzhou GM"]
[Site "Danzhou CHN"]
[Date "2011.05.16"]
[EventDate "2011.05.17"]
[Round "2"]
[Result "1/2-1/2"]
[White "Ni Hua"]
[Black "Wang Hao"]
[WhiteElo "2661"]
[BlackElo "2732"]
[PlyCount "61"]

1. e4 c6 2. Nf3 d5 3. Nc3 g6 4. d4 Bg7 5. h3 Nf6 6. e5 Ne4
7. Bd3 Nxc3 8. bxc3 c5 9. O-O Nc6 10. Bf4 Qa5 11. Qd2 cxd4
12. cxd4 Qxd2 13. Bxd2 Bf5 14. Bxf5 gxf5 15. Rab1 O-O-O
16. Rfe1 e6 17. Kf1 h5 18. Ke2 Bf8 19. h4 Rd7 20. Kd3 Kb8
21. g3 Be7 22. Ng1 Bd8 23. Ne2 Bb6 24. Rb5 Bd8 25. Reb1 a6
26. R5b3 Ka7 27. Nf4 Be7 28. Rh1 Rdd8 29. Rhb1 Rd7 30. Rh1
Rdd8 31. Rhb1 1/2-1/2

[Event "Hainan Danzhou GM"]
[Site "Danzhou CHN"]
[Date "2011.05.17"]
[EventDate "2011.05.17"]
[Round "3"]
[Result "1/2-1/2"]
[White "Wang Hao"]
[Black "Wang Yue"]
[WhiteElo "2732"]
[BlackElo "2714"]
[PlyCount "81"]

1. Nf3 Nf6 2. c4 e6 3. d4 b6 4. g3 Bb7 5. Bg2 Be7 6. Nc3 O-O
7. Bf4 Ne4 8. Qc2 Nxc3 9. Ng5 Bxg5 10. Bxb7 Bxf4 11. Bxa8 Nxe2
12. Kxe2 Bg5 13. Be4 f5 14. Bf3 Bf6 15. Rhd1 c5 16. dxc5 bxc5
17. Rab1 a5 18. a3 Bd4 19. b4 axb4 20. axb4 d6 21. bxc5 dxc5
22. Qa4 Nd7 23. Qc6 Kh8 24. Rb7 Ne5 25. Qxe6 f4 26. gxf4 Nxf3
27. Kxf3 Qh4 28. Rxd4 cxd4 29. Qe5 Qh3+ 30. Ke2 Qg4+ 31. Kd2
Qg2 32. Rb8 Qxf2+ 33. Kd3 Qf1+ 34. Kd2 Qf2+ 35. Kc1 Qf1+
36. Kb2 Qf2+ 37. Ka3 Qf3+ 38. Ka2 Qf2+ 39. Ka3 Qf3+ 40. Ka2
Qf2+ 41. Ka3 1/2-1/2

[Event "Hainan Danzhou GM"]
[Site "Danzhou CHN"]
[Date "2011.05.18"]
[EventDate "2011.05.17"]
[Round "4"]
[Result "1/2-1/2"]
[White "Zhou Jianchao"]
[Black "Wang Hao"]
[WhiteElo "2636"]
[BlackElo "2732"]
[PlyCount "93"]

1. d4 Nf6 2. c4 e6 3. Nc3 Bb4 4. Qc2 O-O 5. a3 Bxc3+ 6. Qxc3
b6 7. Bg5 Bb7 8. f3 h6 9. Bh4 d5 10. e3 Nbd7 11. cxd5 Nxd5
12. Bxd8 Nxc3 13. Be7 Rfe8 14. Bh4 Nd5 15. Kf2 g5 16. Bg3 c5
17. e4 Nf4 18. Bxf4 gxf4 19. Ne2 cxd4 20. Nxd4 Ne5 21. Be2
Red8 22. Rhd1 Rac8 23. Ke1 a6 24. a4 Kf8 25. Nb3 Rxd1+
26. Rxd1 Ke7 27. Rc1 Rxc1+ 28. Nxc1 Kd6 29. Kd2 a5 30. Kc3 Bc6
31. b3 h5 32. g3 Ng6 33. Nd3 fxg3 34. hxg3 h4 35. gxh4 Nxh4
36. Kd4 Ng6 37. f4 f6 38. e5+ fxe5+ 39. fxe5+ Kd7 40. b4 axb4
41. Bd1 Ne7 42. Nxb4 Nf5+ 43. Kc3 Ne7 44. Kd4 Nf5+ 45. Kc3 Ne7
46. Kd4 Nf5+ 47. Kc3 1/2-1/2

[Event "Hainan Danzhou GM"]
[Site "Danzhou CHN"]
[Date "2011.05.20"]
[EventDate "2011.05.17"]
[Round "6"]
[Result "1-0"]
[White "Wang Hao"]
[Black "Yifan Hou"]
[WhiteElo "2732"]
[BlackElo "2612"]
[PlyCount "77"]

1. d4 Nf6 2. c4 e6 3. Nc3 Bb4 4. e3 O-O 5. Bd3 d5 6. Nf3 c5
7. O-O Nc6 8. a3 Ba5 9. h3 Re8 10. cxd5 exd5 11. dxc5 Bxc3
12. bxc3 Qa5 13. Rb1 Qxc5 14. Rb5 Qe7 15. c4 a6 16. Rxd5 Nxd5
17. cxd5 Ne5 18. Nxe5 Qxe5 19. Qb3 b5 20. Bb2 Qd6 21. Qc3 f6
22. Qc2 h6 23. Bh7+ Kh8 24. Bg6 Re7 25. Rc1 Bd7 26. e4 Be8
27. Bf5 Qd8 28. Qd1 Qd6 29. Qc2 Qd8 30. Rd1 Qd6 31. Bd4 Rc7
32. Qe2 Rd8 33. Qe3 Rc4 34. Be6 Bd7 35. e5 Rxd4 36. exd6 Rxd1+
37. Kh2 Bxe6 38. Qxe6 Rc1 39. d7 1-0

[Event "Hainan Danzhou GM"]
[Site "Danzhou CHN"]
[Date "2011.05.22"]
[EventDate "2011.05.17"]
[Round "7"]
[Result "1/2-1/2"]
[White "Li Chao"]
[Black "Wang Hao"]
[WhiteElo "2656"]
[BlackElo "2732"]
[PlyCount "122"]

1. d4 Nf6 2. c4 e6 3. Nf3 d5 4. g3 Be7 5. Bg2 O-O 6. O-O dxc4
7. Qa4 a6 8. Qxc4 b5 9. Qc2 Bb7 10. Bd2 Bd6 11. Rd1 Nbd7
12. Ba5 Qb8 13. b4 Be4 14. Qc1 Qb7 15. Nbd2 Bd5 16. Qc2 Ne4
17. Ne5 Nxd2 18. Bxd5 exd5 19. Nxd7 Nc4 20. Nxf8 Rxf8 21. Qf5
g6 22. Qf6 Re8 23. Re1 Qc6 24. Rac1 Re6 25. Qf3 f5 26. Rc2 Re4
27. Qd3 Qd7 28. a4 f4 29. axb5 axb5 30. Qf3 Rxd4 31. gxf4 Re4
32. e3 Bxf4 33. Rd1 Bd6 34. Rxd5 Bxh2+ 35. Kxh2 Qxd5 36. Bxc7
Qc6 37. Kg1 h5 38. Bg3 Re6 39. Qxc6 Rxc6 40. Ra2 g5 41. Ra8+
Kf7 42. Rb8 h4 43. Rxb5 hxg3 44. Rxg5 gxf2+ 45. Kxf2 Rb6
46. Rg4 Ne5 47. Rd4 Ke6 48. Kg3 Rb8 49. Re4 Kf5 50. Rf4+ Ke6
51. Re4 Rf8 52. Kg2 Kd5 53. Rd4+ Kc6 54. Rf4 Rg8+ 55. Kf1 Kb5
56. Ke2 Rd8 57. Rd4 Re8 58. e4 Nc6 59. Rd5+ Kxb4 60. Ke3 Rd8
61. Rxd8 Nxd8 1/2-1/2

[Event "Hainan Danzhou GM"]
[Site "Danzhou CHN"]
[Date "2011.05.23"]
[EventDate "2011.05.17"]
[Round "8"]
[Result "0-1"]
[White "Wang Hao"]
[Black "Bu Xiangzhi"]
[WhiteElo "2732"]
[BlackElo "2662"]
[PlyCount "110"]

1. d4 Nf6 2. c4 e6 3. Nf3 c5 4. Nc3 cxd4 5. Nxd4 Nc6 6. a3 Be7
7. e4 O-O 8. Nf3 b6 9. Be2 Bb7 10. O-O Rc8 11. Bf4 Na5 12. Nd2
d6 13. Rc1 Nc6 14. Be3 Nd7 15. b4 a6 16. Re1 Kh8 17. Bf1 Nce5
18. f4 Ng6 19. g3 Bf6 20. Bf2 Qc7 21. Nb3 Rfd8 22. Bg2 Ne7
23. Nd4 Qb8 24. Qe2 Qc7 25. Red1 e5 26. Nf5 Nxf5 27. exf5 exf4
28. Bxb7 Qxb7 29. gxf4 Re8 30. Qd3 Bxc3 31. Rxc3 Nf6 32. Bd4
Ne4 33. Rc2 f6 34. Re2 Re7 35. Be5 dxe5 36. Rxe4 h6 37. Qd5
Qc7 38. Qd6 Qb7 39. Rd5 Rc6 40. Qd8+ Kh7 41. fxe5 fxe5 42. b5
axb5 43. cxb5 Rc1+ 44. Kf2 Rc2+ 45. Kf3 Rec7 46. Qd6 R7c3+
47. Re3 Rxe3+ 48. Kxe3 Qc8 49. Qg6+ Kh8 50. Ke4 Qc4+ 51. Kxe5
Qc3+ 52. Ke6 Qc8+ 53. Ke5 Qc7+ 54. Qd6 Re2+ 55. Kd4 Qc2 0-1

[Event "Hainan Danzhou GM"]
[Site "Danzhou CHN"]
[Date "2011.05.24"]
[EventDate "2011.05.17"]
[Round "9"]
[Result "1/2-1/2"]
[White "Zhou Weiqi"]
[Black "Wang Hao"]
[WhiteElo "2610"]
[BlackElo "2732"]
[PlyCount "119"]

1. d4 f5 2. g3 Nf6 3. Bg2 g6 4. c3 Bg7 5. Qb3 Nc6 6. Nh3 e6
7. Nf4 Qe7 8. Nd2 e5 9. dxe5 Nxe5 10. O-O c6 11. Nf3 d6 12. h4
Ne4 13. Be3 a5 14. Nxe5 dxe5 15. Nd3 Be6 16. Qc2 Nd6 17. Rfd1
O-O 18. Bc5 Rfd8 19. e4 f4 20. gxf4 Qxh4 21. Bxd6 Rxd6 22. Nc5
Rxd1+ 23. Rxd1 Bf7 24. f5 Qe7 25. Ne6 Bxe6 26. fxe6 Qxe6
27. Qb3 Qxb3 28. axb3 Bf8 29. Bh3 Bc5 30. Kg2 Rf8 31. f3 Re8
32. Rd7 Re7 33. Rd8+ Kg7 34. Ra8 Kf6 35. Rxa5 Be3 36. Ra1 Kg5
37. Rd1 Kf4 38. Rd7 Rxd7 39. Bxd7 Bc1 40. Bc8 b6 41. Bd7 c5
42. b4 Bxb2 43. bxc5 bxc5 44. c4 Bd4 45. Be8 g5 46. Bh5 Ke3
47. Kh3 Kd3 48. Bf7 h5 49. Kg2 h4 50. Be6 Be3 51. Kh3 Bf4
52. Bf7 Ke3 53. Bh5 Bg3 54. Bg4 Kf4 55. Bh5 Ke3 56. Bg4 Kd3
57. Be6 Ke2 58. Bg4 Kd3 59. Be6 Ke2 60. Bg4 1/2-1/2

[Event "Chinese League"]
[Site "Chengdu CHN"]
[Date "2011.05.27"]
[EventDate "2011.04.12"]
[Round "5"]
[Result "1/2-1/2"]
[White "Wang Hao"]
[Black "Li Chao"]
[WhiteElo "2728"]
[BlackElo "2646"]
[PlyCount "72"]

1. Nf3 Nf6 2. c4 c6 3. d4 d5 4. Nc3 dxc4 5. a4 Bf5 6. Ne5 e6
7. f3 c5 8. e4 Bg6 9. d5 exd5 10. exd5 Bd6 11. Nxc4 O-O
12. Be2 Na6 13. O-O Nb4 14. Bg5 h6 15. Bxf6 Qxf6 16. Ne4 Bxe4
17. fxe4 Qe7 18. Bh5 g6 19. Qd2 Rad8 20. Bf3 h5 21. Kh1 Bb8
22. Rad1 Nc6 23. d6 Qe6 24. Qd5 Qxd5 25. Rxd5 f6 26. g4 Ne5
27. Nxe5 fxe5 28. d7 h4 29. Kg2 g5 30. Rfd1 Kf7 31. Rxc5 Ke7
32. Rb5 Rxd7 33. Rxd7+ Kxd7 34. Rxb7+ Bc7 35. Be2 a5 36. Rb3
Rf6 1/2-1/2

[Event "Chinese League"]
[Site "Chengdu CHN"]
[Date "2011.05.28"]
[EventDate "2011.04.12"]
[Round "6"]
[Result "1-0"]
[White "Wang Hao"]
[Black "Li Haoyu"]
[WhiteElo "2728"]
[BlackElo "2386"]
[PlyCount "69"]

1. e4 c5 2. Nf3 Nc6 3. Bb5 g6 4. Bxc6 dxc6 5. d3 Bg7 6. h3 e5
7. a3 Qe7 8. O-O Nf6 9. Nbd2 O-O 10. b4 Nh5 11. bxc5 Qxc5
12. a4 Qe7 13. a5 Be6 14. Ba3 c5 15. Rb1 Nf4 16. Rb5 Bxh3
17. gxh3 Qd7 18. Rb3 Qxh3 19. Ne1 Qh4 20. d4 exd4 21. Ng2 Nxg2
22. Kxg2 Bh6 23. Rg3 Bxd2 24. Rg4 Qd8 25. Qxd2 f5 26. Rg3 b6
27. c3 f4 28. Rh3 dxc3 29. Qxc3 Qf6 30. Qb3+ Qf7 31. Rd1 Qxb3
32. Rxb3 Rae8 33. Kf3 bxa5 34. Bxc5 Rf7 35. Rd5 1-0

[Event "Chinese League"]
[Site "Shenzhen CHN"]
[Date "2011.07.10"]
[EventDate "2011.04.12"]
[Round "8"]
[Result "1/2-1/2"]
[White "Wang Hao"]
[Black "Bu Xiangzhi"]
[WhiteElo "2728"]
[BlackElo "2677"]
[PlyCount "53"]

1. e4 e5 2. Nf3 Nf6 3. Nxe5 d6 4. Nf3 Nxe4 5. Nc3 Nf6 6. d4
Be7 7. Bf4 O-O 8. Bd3 Re8 9. O-O Nbd7 10. Re1 Nf8 11. h3 Be6
12. Ng5 h6 13. Nge4 Nxe4 14. Nxe4 Bf5 15. c4 Bf6 16. Bc2 Rb8
17. Qd2 Bxe4 18. Bxe4 Ra8 19. Qd1 Rb8 20. Qd2 Bg5 21. Bxg5
Qxg5 22. Qxg5 hxg5 23. Re3 g6 24. Rae1 Kg7 25. b4 c6 26. b5
Rbc8 27. bxc6 1/2-1/2

[Event "World Chess Team Championship"]
[Site "Ningbo CHN"]
[Date "2011.07.17"]
[EventDate "2011.07.17"]
[Round "1"]
[Result "1/2-1/2"]
[White "Wang Hao"]
[Black "Teimour Radjabov"]
[WhiteElo "2718"]
[BlackElo "2744"]
[PlyCount "71"]

1. d4 Nf6 2. c4 g6 3. Nc3 Bg7 4. e4 d6 5. Nf3 O-O 6. Be2 e5
7. O-O Nc6 8. d5 Ne7 9. Ne1 Nd7 10. f3 f5 11. g4 Kh8 12. Nd3
f4 13. b4 g5 14. c5 h5 15. h3 Nf6 16. Ba3 Rf7 17. Rc1 Ng6
18. b5 hxg4 19. hxg4 dxc5 20. Nxc5 Bf8 21. Ne6 Bxe6 22. dxe6
Rh7 23. Qxd8 Rxd8 24. Bxf8 Nxf8 25. Bc4 Re8 26. Rfd1 Nxe6
27. Bxe6 Rxe6 28. Rd8+ Re8 29. Rxe8+ Nxe8 30. Nd5 Rd7 31. Kf2
Kg7 32. a4 Kf7 33. Ke2 Nf6 34. Nb4 Ke6 35. Nd3 Rh7 36. Rc5
1/2-1/2

[Event "World Chess Team Championship"]
[Site "Ningbo CHN"]
[Date "2011.07.20"]
[EventDate "2011.07.17"]
[Round "4"]
[Result "1/2-1/2"]
[White "Gata Kamsky"]
[Black "Wang Hao"]
[WhiteElo "2741"]
[BlackElo "2718"]
[PlyCount "103"]

1. d4 Nf6 2. Nf3 d5 3. c4 e6 4. Nc3 dxc4 5. e3 a6 6. a4 c5
7. Bxc4 Nc6 8. O-O Be7 9. Ne5 cxd4 10. Nxc6 bxc6 11. exd4 a5
12. Qf3 Qd7 13. Bf4 Ba6 14. b3 O-O 15. Be5 Nd5 16. Rfd1 Bxc4
17. bxc4 Nxc3 18. Qxc3 Rfd8 19. Qf3 Bd6 20. c5 Bc7 21. h4 h6
22. Rac1 f6 23. Bxc7 Qxc7 24. Re1 Re8 25. Rb1 Rab8 26. Rxb8
Rxb8 27. Qg4 f5 28. Qg6 Qf7 29. Qxe6 Qxe6 30. Rxe6 Rd8
31. Rxc6 Rxd4 32. h5 Rxa4 33. Ra6 Ra1+ 34. Kh2 a4 35. c6 Rc1
36. Rxa4 Rxc6 37. Ra5 g6 38. hxg6 Rf6 39. Ra7 Rxg6 40. Kh3 Rb6
41. Kh4 Rg6 42. g3 Rb6 43. Kh3 Rf6 44. Rb7 Rf7 45. Rb6 Kg7
46. Kh4 Rf6 47. Rxf6 Kxf6 48. Kh5 Kg7 49. f3 Kh7 50. g4 fxg4
51. fxg4 Kg7 52. g5 1/2-1/2